000 00657nam a22001937a 4500
999 _c157799
_d157799
005 20181001153354.0
010 _aENG-124152
020 _a9788132107019
_c425.00
035 _aEN-107684
037 _bDBAD/PUB
082 0 0 _a954.93032
100 _aMurari, S.
245 1 0 _aThe prabhakaran saga:
_cby S. Murari
_bthe rise and fall of an eelam warrior /
260 _aNew Delhi
_bSAGE Publications,
_c2012
270 _aB1/I-1 Mohan Cooperative Industrial Area, Mathura Road
_bNew Delhi
_e110044
300 _axxv,363p.
_c22cm.(pbk)
500 _aIt includes Epilogue, index and about the author
942 _2ddc
_cEN
_h954.93022
_mMUR